000
00344nas a2200157 a 4500
001
94849
003
175388
005
20201118113125.0
008
||||||n9999 ||| || ||
245
0
_a
Time - Vol.162 No.10
260
_a
Estados Unidos :
562
_e
1
773
_0
21966
_a
Time
942
_c
SISS
999
_c
94849
_d
94849